Bilecik Bilecik Bilecik Bilecik Bilecik

Integrated electronics: analog and digital circuits and systems/ (Record no. 69722)

MARC details
000 -BAŞLIK
Sabit Uzunluktaki Kontrol Alanı 01153nam a22003497a 4500
001 - KONTROL NUMARASI
Control Dosyası 0068974
003 - KONTROL NUMARASI KİMLİĞİ
Kontrol Alanı KOHA_MİRAKIL
005 - EN SON İŞLEM TARİHİ ve ZAMANI
Kontrol Alanı 20260207004825.0
007 - FİZİKSEL TANIM SABİT ALAN - GENEL BİLGİ
Sabit uzunluklu kontrol alanı ta
008 - SABİT UZUNLUKTAKİ VERİ ÖGELERİ - GENEL BİLGİ
Sabit Alan 230601b1972 tu |||gr||||#0|||0|eng |
020 ## - ISBN - ULUSLARARASI STANDART KİTAP NUMARASI
Isbn 070854939
040 ## - KATALOGLAMA KAYNAĞI
Özgün Kataloglama Kurumu TR-BiSEU
Kataloglama Dili tur
Çeviri Kurumu TR-BiSEU
Açıklama Kuralları rda
041 0# - DİL KODU
Metin ya da ses kaydının dil kodu eng
044 ## - YAYINLAYAN/ÜRETEN KURULUŞUN ÜLKE KODU
ISO country code tu
050 ## - SINIFLAMA ve YER NUMARASI
Sınıflama Numarası TK7874
Yer Numarası .M55 1972
100 1# - KİŞİ ADI
Yazar Adı (Kişi adı) Millman, Jacob.
245 1# - ESER ADI BİLDİRİMİ
Başlık Integrated electronics: analog and digital circuits and systems/
Sorumluluk Bildirimi Jacob Millman ; Jacob Millman, Christos C. Halkias.
264 #1 - ÜRERİM, YAYIN, DAĞITIM ve TELİF BİLDİRİMİ
Yayın yeri Tokyo :
Yayınlayan McGraw-Hill Kogakusha
Yayın tarihi 1972
300 ## - FİZİKSEL TANIMLAMA
Sayfa, Cilt vb. XIX, 919 pages; 21 cm.
336 ## - İÇERİK TÜRÜ
Content type term metin
Content type code txt
Source rdacontent
337 ## - MEDYA TÜRÜ
Media type term aracısız
Media type code n
Source rdamedia
338 ## - TAŞIYICI TÜRÜ
Carrier type term cilt
Carrier type code nc
Source rdacarrier
490 0# - DİZİ BİLDİRİMİ
Dizi Bildirimi McGraw-Hill electrical and electronic engineering series
500 ## - GENEL NOT
Genel Not Includes index.
650 #0 - KONU BAŞLIĞI EK GİRİŞ - KONU TERİMİ
Konusal terim veya coğrafi ad Electrical--Electronics.
9 (RLIN) 133283
650 #0 - KONU BAŞLIĞI EK GİRİŞ - KONU TERİMİ
Konusal terim veya coğrafi ad Engineering.
9 (RLIN) 5004
650 #0 - KONU BAŞLIĞI EK GİRİŞ - KONU TERİMİ
Konusal terim veya coğrafi ad Elektrik--Elektronik.
9 (RLIN) 53679
650 #0 - KONU BAŞLIĞI EK GİRİŞ - KONU TERİMİ
Konusal terim veya coğrafi ad Mühendislik.
9 (RLIN) 1533
830 0# - SERİ EK GİRİŞİ - TEKBİÇİM ESER ADI
Tekbiçim Başlık McGraw-Hill electrical and electronic engineering series
9 (RLIN) 133339
907 ## - LOCAL DATA ELEMENT G, LDG (RLIN)
a Elektrik ve Elektronik Mühendisliği
942 ## - EK GİRİŞ ÖGELERİ (KOHA)
Source of classification or shelving scheme Library of Congress Classification
Koha item type Book
Holdings
Materyal Türü Kalıcı Konum Mevcut Konum Raf Yeri Sınıflandırma Kaynağı Edinim Bilgisi Ana Konular Alt Konular Yer Numarası Demirbaş Numarası Fatura Tarihi Geri Çekilme Durumu Kayıp Durumu Hasarlı Durumu Kredi için değil Kayıt Tarih Toplam Ödünçverme Son Görülme Tarihi Son Kontrol Tarihi Genel / Bağış Notu
Book Prof. Dr. Azmi Özcan Kütüphanesi Prof. Dr. Azmi Özcan Kütüphanesi Birûni Salonu Library of Congress Classification Bağış TEKNOLOJİ Elektrik Mühendisliği, Elektronik, Nükleer Mühendislik TK7874 .M55 1972 0068974 02/02/2026         01/06/2023   17/03/2025 17/03/2025 Orhan TUNÇÖZ